[Event "AUTO-OPEN-1635"]
[Site "http://www.queenalice.com/game.php?id=745118"]
[Date "2010.3.12"]
[Round "2"]
[White "ekup"]
[Black "davidmassari"]
[Result "0-1"]
[WhiteElo "1945"]
[BlackElo "1940"]

1. e4 e5 2. Nf3 Nf6 3. Nc3 Bb4 4. d3 Bxc3+ 5. bxc3 d6 6. Be2 b6 7. Bg5 h6 8. Bh4
Bb7 9. O-O g5 10. Bg3 Nc6 11. Nd2 Qd7 12. Nc4 O-O-O 13. a4 a5 14. f3 Kb8 15. Na3
h5 16. Rb1 h4 17. Bf2 Rdg8 18. d4 g4 19. fxg4 Nxe4 20. Qd3 Nxf2 21. Rxf2 e4 22.
Qxe4 Ne5 23. Qf4 Nxg4 24. Bxg4 Qxg4 25. Qxg4 Rxg4 26. Nc4 Rhg8 27. Ne3 R4g7 28.
Re1 f5 29. Nxf5 Rxg2+ 30. Rxg2 Rxg2+ 31. Kf1 Rxh2 32. Re2 Rxe2 33. Kxe2 h3 34.
Ng3 h2 35. c4 h1=Q 36. Nxh1 Bxh1 37. Ke3 c5 38. c3 Kc7 39. d5 Bg2 40. Kf2 Be4
0-1

[Event "AUTO-ADV-1504"]
[Site "http://www.queenalice.com/game.php?id=748371"]
[Date "2010.3.19"]
[Round "2"]
[White "Ninho"]
[Black "davidmassari"]
[Result "1-0"]
[WhiteElo "1978"]
[BlackElo "1903"]

1. d4 d5 2. Nf3 e6 3. g3 c5 4. c3 Nc6 5. Bg2 Nf6 6. O-O cxd4 7. Nxd4 Bd7 8. Bg5
Be7 9. Nd2 Qb6 10. N2b3 a5 11. Rb1 a4 12. Nc1 h6 13. Be3 Ng4 14. Bd2 Nxd4 15.
cxd4 Qxd4 16. e3 Qb6 17. Qxg4 O-O 18. Bc3 f6 19. Re1 a3 20. b3 Qc7 21. Ne2 e5
22. Bxd5+ Kh8 23. Qf3 Rab8 24. Rbc1 b5 25. e4 Qd6 26. Qd3 Be6 27. Red1 Rfd8 28.
Ba5 Rd7 29. Rc6 Qxc6 30. Bxc6 Rxd3 31. Rxd3 Rc8 32. Bxb5 Rc2 33. Rd2 Rc5 34. Bb4
Rc7 35. Bc3 Bg4 36. Ba5 Bxe2 37. Rxe2 Rc5 38. Bb4 Rc1+ 39. Re1 Rc7 40. Bxe7 Rxe7
41. Rd1 Rc7 42. Bc4 Kh7 43. Kg2 Kg6 44. Rd6 Ra7 45. f4 exf4 46. gxf4 Kh5 47. Kg3
Re7 48. Be2+ Kg6 49. f5+ Kg5 50. h4# 1-0

[Event "AUTO-ADV-1504"]
[Site "http://www.queenalice.com/game.php?id=748372"]
[Date "2010.3.19"]
[Round "2"]
[White "davidmassari"]
[Black "Ninho"]
[Result "0-1"]
[WhiteElo "1932"]
[BlackElo "1932"]

1. e4 c5 2. d4 cxd4 3. c3 dxc3 4. Nxc3 Nc6 5. Bc4 e5 6. Nf3 Bc5 7. Qd5 Qe7 8.
O-O Nf6 9. Qd3 h6 10. Nd5 Nxd5 11. Qxd5 O-O 12. a3 d6 13. b4 Bb6 14. Bb2 Bg4 15.
Nd2 Bd4 16. Bxd4 Nxd4 17. f3 Bd7 18. Nb3 Be6 19. Qa5 Bxc4 0-1

[Event "AUTO-ADV-1504"]
[Site "http://www.queenalice.com/game.php?id=748377"]
[Date "2010.3.19"]
[Round "2"]
[White "davidmassari"]
[Black "castel1341"]
[Result "1-0"]
[WhiteElo "1899"]
[BlackElo "2002"]

1. e4 c5 2. d4 cxd4 3. c3 d3 4. Qxd3 Nc6 5. Qc2 g6 6. f4 Bg7 7. Nf3 Qb6 8. Nbd2
Qe3+ 9. Be2 Nf6 10. Qd3 Qxf4 11. Nc4 Qc7 12. O-O d6 13. Bf4 O-O 14. Ng5 Ng4 15.
Qh3 h5 16. Ne3 Nxe3 17. Qxe3 Ne5 18. Nf3 Ng4 19. Qd2 Qb6+ 20. Kh1 Be6 21. Nd4
Bd7 22. h3 1-0

[Event "AUTO-ADV-1504"]
[Site "http://www.queenalice.com/game.php?id=748378"]
[Date "2010.3.19"]
[Round "2"]
[White "castel1341"]
[Black "davidmassari"]
[Result "0-1"]
[WhiteElo "2024"]
[BlackElo "1877"]

1. e4 e5 2. d4 exd4 3. Nf3 Nc6 4. Nxd4 Nxd4 5. Qxd4 Qf6 6. Qxf6 Nxf6 7. Bd3 Bc5
8. Nc3 O-O 9. Bg5 Ng4 10. O-O f6 11. Bf4 d6 12. Nd5 c6 13. Ne7+ Kh8 14. Nxc8
Raxc8 15. h3 Ne5 16. Be2 Rfe8 17. Rfd1 Ng6 18. Bxd6 Bxd6 19. Rxd6 Rxe4 20. Bd3
Re7 21. Bxg6 hxg6 0-1

[Event "AUTO-ADV-1504"]
[Site "http://www.queenalice.com/game.php?id=748379"]
[Date "2010.3.19"]
[Round "2"]
[White "davidmassari"]
[Black "paulogaspar"]
[Result "0-1"]
[WhiteElo "1890"]
[BlackElo "1970"]

1. e4 e6 2. d4 d5 3. exd5 Qxd5 4. Nc3 Qd7 5. Nf3 Nf6 6. Bg5 Be7 7. Bc4 Nc6 8.
Qd2 O-O 9. O-O-O a6 10. h4 h6 11. Bd3 Nb4 12. Ne5 Nxd3+ 13. Qxd3 Qd8 14. Qg3
hxg5 15. hxg5 Nh7 16. Rxh7 Bxg5+ 17. f4 Bxf4+ 18. Qxf4 Kxh7 19. Rh1+ Kg8 20. Qh2
Qg5+ 21. Kb1 Qh6 22. Qg1 Qg5 23. Ne4 Qf4 24. Nd3 Qxe4 25. Qh2 f6 26. Qh8+ Kf7
27. Ne5+ fxe5 28. Rf1+ Qf5 29. Rxf5+ exf5 30. Qh5+ Kg8 31. dxe5 Be6 32. Qf3 Rad8
33. b3 c6 34. Kb2 Rd2 35. Kc3 Rfd8 36. Qg3 Re2 0-1

[Event "AUTO-ADV-1504"]
[Site "http://www.queenalice.com/game.php?id=748380"]
[Date "2010.3.19"]
[Round "2"]
[White "paulogaspar"]
[Black "davidmassari"]
[Result "1-0"]
[WhiteElo "2001"]
[BlackElo "1916"]

1. e4 e5 2. Nf3 Nf6 3. d3 Nc6 4. Nc3 Bb4 5. Bd2 O-O 6. a3 Ba5 7. b4 Bb6 8. Na4
d5 9. Nxb6 axb6 10. b5 Na7 11. a4 dxe4 12. Nxe5 Re8 13. Bc3 exd3 14. Bxd3 Qd5
15. Qe2 c5 16. O-O Ng4 17. Rad1 Rxe5 18. Bxe5 Qxe5 19. Qxe5 Nxe5 20. Rfe1 f6 21.
Be4 Be6 22. f4 Nc4 23. Bxb7 Re8 24. Bd5 Nc8 25. Bxc4 1-0

[Event "AUTO-ADV-1777"]
[Site "http://www.queenalice.com/game.php?id=781710"]
[Date "2010.5.27"]
[Round "1"]
[White "Lopesq"]
[Black "davidmassari"]
[Result "0-1"]
[WhiteElo "1749"]
[BlackElo "1946"]

1. d4 g6 2. c3 Bg7 3. Bf4 c5 4. d5 d6 5. e3 Nf6 6. Bb5+ Bd7 7. Bxd7+ Nbxd7 8. h3
Nb6 9. Nf3 Nbxd5 10. Bh2 O-O 11. O-O a6 12. Nbd2 b5 13. a3 a5 14. Qb3 b4 15.
axb4 axb4 16. c4 Nb6 17. Rxa8 Qxa8 18. Bg3 Ne4 19. Nxe4 Qxe4 20. Nd2 Qe6 21. Qd3
Bxb2 22. Bf4 Ra8 23. Bh6 Bc3 24. Nf3 Ra3 25. Qb1 Nxc4 26. Ng5 Qd7 27. Nf3 Ra1
28. Qxa1 Bxa1 29. Rxa1 Qb7 30. e4 Qxe4 31. Ng5 Qb7 32. Nf3 b3 33. Ng5 b2 34. Rf1
b1=Q 35. Rxb1 Qxb1+ 36. Kh2 Nb6 37. Nf3 c4 38. Nd4 c3 39. Nc6 Nd5 40. Nd4 c2 41.
Ne2 Nc3 42. Nxc3 Qe1 43. Na2 c1=Q 44. Nxc1 Qxf2 45. Nd3 Qd4 46. Nc1 Qe5+ 47. Kh1
g5 48. Nd3 Qf6 49. Bxg5 Qxg5 50. Nf2 Kg7 51. Ne4 Qc1+ 52. Kh2 Qf4+ 53. Ng3 h5
0-1

[Event "AUTO-ADV-1777"]
[Site "http://www.queenalice.com/game.php?id=781711"]
[Date "2010.5.27"]
[Round "1"]
[White "davidmassari"]
[Black "Lopesq"]
[Result "0-1"]
[WhiteElo "1916"]
[BlackElo "1799"]

1. e4 c5 2. Nf3 Nc6 3. d4 cxd4 4. Nxd4 Nxd4 5. Qxd4 e6 6. Nc3 Nf6 7. Bg5 Be7 8.
O-O-O O-O 9. Bb5 a6 10. Bxf6 Bxf6 11. e5 Bg5+ 12. f4 Bh6 13. Bxd7 Bxd7 14. Qxd7
Bxf4+ 15. Kb1 Bxe5 16. Qxb7 Qe8 17. Ne4 Rb8 18. Qxa6 Rxb2+ 19. Kc1 Qb8 20. Qa5
Rb1+ 21. Kd2 Bf4+ 22. Ke2 Rxd1 23. Rxd1 Bxh2 24. g3 Bxg3 25. Nxg3 Qxg3 26. Rd8
Qg2+ 27. Kd1 Qg4+ 28. Ke1 Qh4+ 0-1

[Event "AUTO-ADV-1777"]
[Site "http://www.queenalice.com/game.php?id=781728"]
[Date "2010.5.27"]
[Round "1"]
[White "davidmassari"]
[Black "pedepano"]
[Result "1-0"]
[WhiteElo "1919"]
[BlackElo "1892"]

1. e4 e5 2. f4 Nc6 3. Nf3 d6 4. Bc4 Be7 5. O-O Bg4 6. Nc3 Nf6 7. h3 Bh5 8. g4
Bg6 9. f5 Qd7 10. fxg6 hxg6 11. Ng5 O-O-O 12. Nxf7 Rxh3 13. Ng5 Rg3+ 14. Kf2
Rxg4 15. Be6 1-0

[Event "AUTO-ADV-1777"]
[Site "http://www.queenalice.com/game.php?id=781729"]
[Date "2010.5.27"]
[Round "1"]
[White "pedepano"]
[Black "davidmassari"]
[Result "1-0"]
[WhiteElo "1877"]
[BlackElo "1934"]

1. e4 e5 2. Nf3 Nf6 3. d4 Nxe4 4. Bd3 d5 5. Nxe5 Nd7 6. Nxd7 Bxd7 7. O-O Bd6 8.
c4 h5 9. cxd5 Qh4 10. g3 Nxg3 11. hxg3 Qxd4 12. Nc3 O-O-O 13. Qf3 Bg4 14. Qe3
Qf6 15. Qxa7 h4 16. Bb5 c6 17. dxc6 bxc6 18. Ba6# 1-0

[Event "AUTO-ADV-1777"]
[Site "http://www.queenalice.com/game.php?id=781730"]
[Date "2010.5.27"]
[Round "1"]
[White "davidmassari"]
[Black "filomenos"]
[Result "1-0"]
[WhiteElo "1907"]
[BlackElo "1801"]

1. e4 d5 2. exd5 Qxd5 3. Nc3 Qe6+ 4. Be2 g6 5. d4 Bg7 6. d5 Qd6 7. Nb5 Qd8 8.
Bf4 Na6 9. Nf3 Bd7 10. Be5 Nf6 11. c4 c6 12. Nc3 O-O 13. O-O Nc5 14. d6 Bf5 15.
dxe7 Qxe7 16. Bd6 Qe6 17. Bxc5 Rfd8 18. Qb3 b6 19. Be3 c5 20. Rfe1 Rd7 21. Rad1
Rad8 22. Rxd7 Rxd7 23. Rd1 Rxd1+ 24. Qxd1 Ne4 25. Nxe4 Bxe4 26. Ng5 Qf5 27. Nxe4
Qxe4 28. b3 Be5 29. Bf3 Qf5 30. Bh6 Qc8 31. Bg4 Bg7 32. Bxc8 1-0

[Event "AUTO-ADV-1777"]
[Site "http://www.queenalice.com/game.php?id=781731"]
[Date "2010.5.27"]
[Round "1"]
[White "filomenos"]
[Black "davidmassari"]
[Result "0-1"]
[WhiteElo "1839"]
[BlackElo "1893"]

1. d4 g6 2. Nf3 Bg7 3. g3 c5 4. Bg2 Nc6 5. O-O cxd4 6. Bf4 e5 7. Bd2 d6 8. e3
dxe3 9. Bxe3 Bg4 10. Qd3 d5 11. Qb5 Qc7 12. Nfd2 Ne7 13. Bxd5 Nxd5 14. Qxd5 O-O
15. Ne4 Rfd8 16. Qc4 Rac8 17. Nbd2 Be6 18. Qe2 Nd4 19. Bxd4 Rxd4 20. c3 Rdd8 21.
Rfd1 h6 22. b3 f5 23. Qe3 fxe4 24. Nxe4 Rxd1+ 25. Rxd1 Rd8 26. Rc1 b6 27. c4 Bf5
28. Nc3 Rd3 29. Qe2 e4 30. Nd5 Rxd5 31. Re1 Rd8 0-1

[Event "AUTO-OPEN-1991"]
[Site "http://www.queenalice.com/game.php?id=781768"]
[Date "2010.5.27"]
[Round "1"]
[White "Lopesq"]
[Black "davidmassari"]
[Result "1-0"]
[WhiteElo "1821"]
[BlackElo "1895"]

1. f4 e5 2. fxe5 d6 3. exd6 Bxd6 4. Nf3 g5 5. d4 g4 6. Ne5 Nc6 7. Nxc6 Qh4+ 8.
Kd2 Qf2 9. Ne5 Qxd4+ 10. Nd3 Bf4+ 11. Ke1 Bf5 12. Nc3 Bd6 13. e3 Qf6 14. g3 Bb4
15. Bd2 O-O-O 16. Be2 h5 17. Nxb4 Qd6 18. Nd3 Nf6 19. Rf1 h4 20. Rxf5 hxg3 21.
Bxg4 Kb8 22. Qf3 Nxg4 23. Qxg4 Rxh2 24. Rd5 Qf6 25. Rxd8+ Qxd8 26. Kd1 g2 27.
Be1 f5 28. Qg3 Qh4 29. Qg8+ 1-0

[Event "AUTO-OPEN-1991"]
[Site "http://www.queenalice.com/game.php?id=781769"]
[Date "2010.5.27"]
[Round "1"]
[White "davidmassari"]
[Black "Lopesq"]
[Result "1-0"]
[WhiteElo "1937"]
[BlackElo "1758"]

1. e4 c5 2. Nf3 Nc6 3. d4 cxd4 4. Nxd4 e5 5. Nb3 f6 6. Bc4 g6 7. O-O Nge7 8. f4
Bg7 9. f5 a6 10. fxg6 Nxg6 11. Nc3 Qb6+ 12. Kh1 Nce7 13. Nd5 Nxd5 14. Qxd5 Qe6
15. Nc5 Qxd5 16. Bxd5 Rb8 17. Be3 Ne7 18. Bb3 Nc6 19. Rad1 Rf8 20. Rd2 Na5 21.
Bd5 Nc6 22. Rfd1 f5 23. exf5 Rxf5 24. Be4 Rf8 25. Nxd7 Bxd7 26. Rxd7 Nd4 27.
Rxg7 Rd8 28. Bxh7 Rd7 29. Bg6+ Kd8 30. Bg5+ Kc7 31. Rxd7+ Kxd7 32. c3 Kc7 33.
cxd4 exd4 34. h4 Rf2 35. Rd2 Rf1+ 36. Kh2 Kb6 37. Rxd4 Rf8 38. h5 Rg8 39. Kh3
Kc5 40. Be3 Kc6 41. Be4+ Kc7 42. Bf4+ Kb6 43. g4 Rf8 44. Be3 Kc7 45. h6 Re8 46.
a4 Rf8 47. h7 Kb8 48. Bf4+ Rxf4 49. h8=Q+ Ka7 50. Qe5 Rf1 51. Qc5+ 1-0

[Event "AUTO-OPEN-1991"]
[Site "http://www.queenalice.com/game.php?id=781796"]
[Date "2010.5.27"]
[Round "1"]
[White "Michihall"]
[Black "davidmassari"]
[Result "0-1"]
[WhiteElo "1880"]
[BlackElo "1892"]

1. d4 g6 2. c4 Bg7 3. e4 c5 4. d5 d6 5. Nc3 Nf6 6. Bd3 O-O 7. h3 Re8 8. Nf3 Nbd7
9. O-O Nb6 10. b3 Nxe4 11. Bxe4 Bxc3 12. Rb1 a5 13. Qd3 Bg7 14. a4 Nd7 15. Bf4
Nf6 16. Rbe1 Nxe4 17. Qxe4 h6 18. Qe3 b6 19. Nd2 Bd4 20. Qg3 g5 21. Be3 Bxe3 22.
Rxe3 e6 23. Rfe1 e5 24. h4 f5 25. hxg5 f4 26. gxh6+ fxg3 27. Rxg3+ Kh7 0-1

[Event "AUTO-OPEN-1991"]
[Site "http://www.queenalice.com/game.php?id=781797"]
[Date "2010.5.27"]
[Round "1"]
[White "davidmassari"]
[Black "Michihall"]
[Result "1-0"]
[WhiteElo "1876"]
[BlackElo "1874"]

1. e4 e5 2. f4 exf4 3. Nf3 g5 4. Bc4 g4 5. O-O gxf3 6. Qxf3 Qf6 7. d3 Bc5+ 8.
Kh1 d6 9. Nc3 Bd4 10. Nd5 Qd8 11. Bxf4 Nc6 12. Bg5 f6 13. Qh5+ Kd7 14. Qf7+ Nge7
15. Nxf6+ Bxf6 16. Be6# 1-0

[Event "AUTO-OPEN-1991"]
[Site "http://www.queenalice.com/game.php?id=781816"]
[Date "2010.5.27"]
[Round "1"]
[White "davidmassari"]
[Black "alederp"]
[Result "0-1"]
[WhiteElo "1877"]
[BlackElo "1918"]

1. e4 e5 2. f4 exf4 3. Nf3 g5 4. Bc4 g4 5. Ne5 Qh4+ 6. g3 fxg3 7. Bxf7+ Kd8 8.
Kf1 Qf6+ 9. Kg2 Qxe5 10. Qxg4 d5 11. Qxg3 Qxe4+ 12. Qf3 Bh3+ 0-1

[Event "AUTO-OPEN-1991"]
[Site "http://www.queenalice.com/game.php?id=781817"]
[Date "2010.5.27"]
[Round "1"]
[White "alederp"]
[Black "davidmassari"]
[Result "1-0"]
[WhiteElo "2093"]
[BlackElo "1916"]

1. e4 e5 2. Nf3 Nf6 3. d4 exd4 4. e5 Qe7 5. Be2 Ng4 6. Qxd4 d6 7. exd6 Qxd6 8.
O-O Nc6 9. Bb5 Bd7 10. Bxc6 Bxc6 11. Qxg4 h5 12. Re1+ Be7 13. Bg5 f6 14. Qd4
Qxd4 15. Nxd4 fxg5 16. Nf5 O-O-O 17. Nxe7+ 1-0

[Event "AUTO-MASTER-1149"]
[Site "http://www.queenalice.com/game.php?id=792094"]
[Date "2010.6.18"]
[Round "1"]
[White "Rafaelpimentel"]
[Black "davidmassari"]
[Result "1-0"]
[WhiteElo "2166"]
[BlackElo "1994"]

1. b3 e5 2. Bb2 Nc6 3. e3 d5 4. Bb5 Qg5 5. Nf3 Qxg2 6. Rg1 Qh3 7. Bxe5 Bg4 8.
Ng5 Bxd1 9. Nxh3 Bxc2 10. Bxc6+ bxc6 11. Bxc7 g6 12. Nc3 Bg7 13. Rc1 Bf5 14. Nf4
Ne7 15. Nce2 O-O 16. Ng3 Bd7 17. h4 h5 18. d4 Rfe8 19. Ngxh5 gxh5 20. Nxh5 Ng6
21. Nxg7 Kxg7 22. h5 Rac8 23. Be5+ Kh7 24. hxg6+ fxg6 25. Rg5 Re6 26. Kd2 Be8
27. Rh1+ Kg8 28. f4 c5 29. f5 Ra6 30. fxg6 Rxa2+ 31. Kd3 Bb5+ 32. Kc3 cxd4+ 33.
Kb4 a5+ 34. Kxb5 1-0

[Event "AUTO-MASTER-1149"]
[Site "http://www.queenalice.com/game.php?id=792095"]
[Date "2010.6.18"]
[Round "1"]
[White "davidmassari"]
[Black "Rafaelpimentel"]
[Result "0-1"]
[WhiteElo "1985"]
[BlackElo "2183"]

1. e4 c6 2. d4 d5 3. e5 Bf5 4. h4 h6 5. Bd3 Bxd3 6. Qxd3 e6 7. Nc3 Nd7 8. Nf3
Ne7 9. Bd2 Qb6 10. O-O Nf5 11. Na4 Qc7 12. Rfe1 Be7 13. Nc3 Nxh4 14. Nxh4 Bxh4
15. Qh3 Be7 16. a4 O-O-O 17. Reb1 Nb6 18. b3 Nd7 19. b4 Nb6 20. b5 c5 21. a5 Nc4
22. Nxd5 Rxd5 23. b6 axb6 24. axb6 Qb8 25. Be1 Kd7 26. Qb3 Rc8 27. Qxc4 cxd4 28.
Qa4+ Rc6 29. c4 Rxe5 30. Rd1 Bc5 31. Bc3 Re4 32. Qa7 Qc8 33. f3 Bxb6 34. Qa4 d3+
35. Kf1 Rxc4 36. Bxg7 Rxa4 0-1

[Event "AUTO-MASTER-1149"]
[Site "http://www.queenalice.com/game.php?id=792110"]
[Date "2010.6.18"]
[Round "1"]
[White "razoman"]
[Black "davidmassari"]
[Result "0-1"]
[WhiteElo "1966"]
[BlackElo "1919"]

1. e4 e5 2. Nf3 Nf6 3. Bd3 Nc6 4. c3 d5 5. Qe2 dxe4 6. Bxe4 Nxe4 7. Qxe4 f5 8.
Qa4 Bd7 9. Qb3 Bd6 10. O-O g5 11. d4 f4 12. dxe5 Nxe5 13. Re1 Qf6 14. Nxe5 Bxe5
15. Qd5 O-O-O 16. Rxe5 Bc6 17. Qb3 Qxe5 18. Nd2 Qe1+ 19. Nf1 Rd1 20. Qc4 Rxc1
21. Rxc1 Qxc1 22. Qd4 Rd8 23. Qg7 Bb5 0-1

[Event "AUTO-MASTER-1149"]
[Site "http://www.queenalice.com/game.php?id=792111"]
[Date "2010.6.18"]
[Round "1"]
[White "davidmassari"]
[Black "razoman"]
[Result "1-0"]
[WhiteElo "1956"]
[BlackElo "2040"]

1. e4 c5 2. Nf3 Nc6 3. d4 cxd4 4. Nxd4 a6 5. Nc3 d6 6. Be2 e5 7. Nb3 h6 8. Be3
Nf6 9. O-O Be6 10. Qd2 Qc7 11. f4 O-O-O 12. f5 Bd7 13. Nd5 Nxd5 14. Qxd5 Be8 15.
c4 Nb4 16. Qd2 Nc6 17. Qc3 Be7 18. Rac1 Kb8 19. Rfd1 g6 20. c5 gxf5 21. exf5 d5
22. Bf2 Bg5 23. Rc2 Rg8 24. Bf3 e4 25. Be2 Bf4 26. g3 Be5 27. Qe3 Rh8 28. Nc1 f6
29. Qb3 Na5 30. Qb4 Nc6 31. Qb3 Ka7 32. Rxd5 Bf7 33. Qb6+ Qxb6 34. cxb6+ Kb8 35.
Rxd8+ Rxd8 36. a3 Ne7 37. Be3 Nxf5 38. Bf4 Bxf4 39. gxf4 Rd6 40. Bg4 Be6 41. Rc5
Ne3 42. Bxe6 Rxe6 43. Kf2 Nd1+ 44. Ke2 Nxb2 45. Rh5 Nc4 46. Rxh6 Nxb6 47. Nb3
Nd5 48. f5 Re5 49. Nd4 Re7 50. h4 e3 51. Rh8+ Ka7 52. Ne6 b5 53. Nd4 Kb7 54. Ne6
a5 55. Rd8 Nf4+ 56. Kxe3 Ng2+ 57. Kf2 Nxh4 58. Rd5 Kb6 59. Rd6+ Ka7 60. Nd4 Rb7
61. Nc6+ Ka8 62. Rd8+ 1-0

[Event "AUTO-MASTER-1149"]
[Site "http://www.queenalice.com/game.php?id=792120"]
[Date "2010.6.18"]
[Round "1"]
[White "aknightout"]
[Black "davidmassari"]
[Result "0-1"]
[WhiteElo "2040"]
[BlackElo "1975"]

1. e4 e5 2. Nf3 Nf6 3. d3 Nc6 4. g3 Bc5 5. Bg2 O-O 6. O-O h6 7. Nbd2 Re8 8. a4
a6 9. c3 d6 10. Nh4 Bg4 11. Qb3 Be6 12. Qc2 Qd7 13. b4 Ba7 14. Kh1 Nh5 15. f4
Bh3 16. f5 Bxg2+ 17. Nxg2 Nf6 18. h3 Ne7 19. Nf3 d5 20. Be3 dxe4 21. dxe4 Bxe3
22. Nxe3 Qc6 23. Nd2 Rad8 24. Rad1 Nh5 25. Kh2 Nf6 26. Nec4 Nc8 27. Na5 Qb6 28.
Ndc4 Qa7 29. Rxd8 Rxd8 30. Kg2 Nd6 31. Rd1 Qa8 32. Nxd6 Rxd6 33. Rxd6 cxd6 34.
Nc4 d5 35. exd5 Nxd5 36. Nxe5 Ne3+ 0-1

[Event "AUTO-MASTER-1149"]
[Site "http://www.queenalice.com/game.php?id=792121"]
[Date "2010.6.18"]
[Round "1"]
[White "davidmassari"]
[Black "aknightout"]
[Result "0-1"]
[WhiteElo "1954"]
[BlackElo "2008"]

1. e4 e5 2. f4 exf4 3. Nf3 d6 4. Bc4 g5 5. O-O g4 6. d4 gxf3 7. Qxf3 Qf6 8. Bxf4
Qxd4+ 9. Be3 Qxc4 10. Nc3 Be6 11. Qf6 Nd7 12. Qxh8 Ngf6 13. Rxf6 Nxf6 14. Qxf6
Be7 15. Qh8+ Bf8 16. Bh6 Ke7 17. Bxf8+ Rxf8 18. Qxh7 Qd4+ 19. Kh1 Rh8 20. Nd5+
Kd7 21. c3 Qe5 22. Nf6+ Qxf6 23. e5 Rxh7 24. exf6 Rh6 25. Rf1 Bxa2 26. h3 Ke6
27. Ra1 Bd5 28. Rf1 Rxh3+ 29. Kg1 Rh6 0-1